Інтерактивні технології як ефективний засіб навчання комунікації на уроках англійської мови (Запис № 285403)

МАРК-запис
000 -LEADER
fixed length control field 02186nam a22001577a 4500
041 ## - LANGUAGE CODE
Language code of text/sound track or separate title ukr
080 ## - UNIVERSAL DECIMAL CLASSIFICATION NUMBER
Universal Decimal Classification number 09
090 ## - LOCALLY ASSIGNED LC-TYPE CALL NUMBER (OCLC); LOCAL CALL NUMBER (OCLC)
Local cutter number (OCLC) ; Book number/undivided call number, CALL (RLIN) ГОН
100 ## - MAIN ENTRY--PERSONAL NAME
Personal name Гончар, Т. М.
245 ## - TITLE STATEMENT
Title Інтерактивні технології як ефективний засіб навчання комунікації на уроках англійської мови
260 ## - PUBLICATION, DISTRIBUTION, ETC. (IMPRINT)
Place of publication, distribution, etc Острог
Name of publisher, distributor, etc КАФ
Date of publication, distribution, etc 2014
300 ## - PHYSICAL DESCRIPTION
Extent 101
520 ## - SUMMARY, ETC.
Summary, etc Вступ.<br/>Розділ І. Розвиток комунікативних навичок учнів на уроках із застосуванням інтерактивних технологій.<br/>1.1. Комунікативна спрямованість навчання англійської мови в середній школі<br/>1.2. Формування соціокультурної компетенції як основи міжкультурної комунікації<br/>1.3. Розвиток пізнавального інтересу учнів на основі використання методів активного комунікативного навчання<br/>1.4. Актуальність, суть та мета інтерактивного навчання<br/>Розділ ІІ. Інтерактивні технології як ефективний засіб навчання англійської мови в середній школі.<br/>2.1. Основні види інтерактивних технологій на уроках англійської мови<br/>2.2. Впровадження інтерактивних технологій на уроках англійської мови<br/>2.3. Вимоги до вчителя на уроках із застосуванням інтерактивних технологій<br/>2.4. Методика організації та проведення уроків із застосуванням інтерактивних технологій<br/>Висновки.<br/>Список використаної літератури.<br/>Додатки.
-- інтерактивні технології, методика, комунікація
650 ## - SUBJECT ADDED ENTRY--TOPICAL TERM
Topical term or geographic name as entry element Research Papers
942 ## - ADDED ENTRY ELEMENTS (KOHA)
Koha item type Книги
Фонди
Withdrawn status Lost status Source of classification or shelving scheme Damaged status Not for loan Home library Current library Date acquired Source of acquisition Cost, normal purchase price Total Checkouts Full call number Barcode Date last seen Price effective from Koha item type
    Universal Decimal Classification     ВІЛ - Відділ іноземн. літератури НБ ВІЛ - Відділ іноземн. літератури НБ 17/06/2014 Акт №8 1.00   09 215487 09/11/2021 17/06/2014 Книги